00627nam a2200145 a 45000010005000000030005000050050017000100080041000270400020000681110079000882450183001672600079003503000019004296500033004483354CDMR20130116135243.0130130s1974||||||||||||||||||||||||||||d aCDMRbcatcCDMR2 aSemana Internacional de Estudios sobre RadiocPuerto de la Cruzd1973n1ª10aRencontres de TenerifebI Semana Internacional de Estudios de Radio. Puerto de la Cruz, Tenerife 8-13 Octubre 1973cOrganizada por la Red de Emisoras de Radio Nacional de Espanya aMadridc1974bRadio Nacional de EspañaUnión Europea de Radiodifusión a323 p ;c24 cm04aRadiodifusió internacional